[Event "SD-2012-0-00154"]
[Site "LSS email"]
[Date "2012.12.19"]
[Round "?"]
[White "Giovani, Massimo"]
[Black "Casser, Aaron"]
[Result "1-0"]
[WhiteElo "1405"]
[BlackElo "1391"]
[PlyCount "57"]
[EventDate "2012.10.23"]
[EventType "tourn (corr)"]
[EventRounds "6"]
[EventCountry "GER"]
[SourceTitle "Telechess CBM 161"]
[Source "ChessBase"]
[SourceDate "2014.07.16"]
[SourceVersion "1"]
[SourceVersionDate "2014.07.16"]
[SourceQuality "1"]

1. e4 e6 2. d4 d5 3. Nc3 Nf6 4. Bg5 Be7 5. e5 Nfd7 6. h4 c5 7. Bxe7 Qxe7 8. Nb5 0-0 9. Nc7 cxd4 10. Nxa8 Nxe5 11. Qxd4 Nbc6 12. Qe3 b6 13. c3 Qb7 14. Nxb6 axb6 15. Nf3 Ng4 16. Qd2 Rd8 17. Bb5 e5 18. 0-0-0 Qa8 19. a3 Na5 20. Qc2 Ba6 21. Bxa6 Qxa6 22. Qf5 Nxf2 23. Ng5 Nb3+ 24. Kb1 Nxd1 25. Qxf7+ Kh8 26. Qf5 Nxc3+ 27. bxc3 Nd2+ 28. Kc2 Qa4+ 29. Kxd2 1-0

[Event "SD-2012-0-00154"]
[Site "LSS email"]
[Date "2012.12.19"]
[Round "?"]
[White "Sirotkin, Evgenji"]
[Black "Giovani, Massimo"]
[Result "1/2-1/2"]
[WhiteElo "1667"]
[BlackElo "1405"]
[PlyCount "31"]
[EventDate "2012.10.23"]
[EventType "tourn (corr)"]
[EventRounds "6"]
[EventCountry "GER"]
[SourceTitle "Corr 2015"]
[Source "ChessBase"]
[SourceDate "2015.07.17"]
[SourceVersion "1"]
[SourceVersionDate "2015.07.17"]
[SourceQuality "1"]

1. d4 d5 2. c4 Bf5 3. Qb3 e5 4. Qxb7 Nd7 5. Nf3 Rb8 6. Qxa7 Bb4+ 7. Nc3 Ne7 8. cxd5 Nb6 9. Qa6 Nexd5 10. Bd2 Ra8 11. Qb5+ c6 12. Qxc6+ Bd7 13. Qb7 Bc8 14. Qc6+ Bd7 15. Qb7 Bc8 16. Qc6+ 1/2-1/2

[Event "SD-2012-0-00154"]
[Site "LSS email"]
[Date "2012.12.18"]
[Round "?"]
[White "Giovani, Massimo"]
[Black "Huerga, Aser"]
[Result "0-1"]
[WhiteElo "1405"]
[BlackElo "2123"]
[PlyCount "86"]
[EventDate "2012.10.23"]
[EventType "tourn (corr)"]
[EventRounds "6"]
[EventCountry "GER"]
[SourceTitle "Telechess CBM 161"]
[Source "ChessBase"]
[SourceDate "2014.07.16"]
[SourceVersion "1"]
[SourceVersionDate "2014.07.16"]
[SourceQuality "1"]

1. e4 c5 2. Nf3 d6 3. Bc4 Nf6 4. d3 Nc6 5. Bb3 Bg4 6. Be3 e6 7. h3 Bh5 8. Nc3 Be7 9. g4 Bg6 10. Qe2 0-0 11. h4 h5 12. g5 Ng4 13. 0-0-0 a6 14. d4 Qc8 15. dxc5 dxc5 16. Na4 Qc7 17. Bxc5 b5 18. Bxe7 Nxe7 19. Nc3 Qf4+ 20. Nd2 Nc6 21. Rhf1 Nd4 22. Qe1 a5 23. a3 b4 24. Ne2 Nxe2+ 25. Qxe2 bxa3 26. bxa3 a4 27. Bc4 Rab8 28. c3 Rb6 29. Kc2 Rfb8 30. Rb1 Rxb1 31. Rxb1 Rxb1 32. Kxb1 Nxf2 33. Bd3 Qxh4 34. Bc2 Qf4 35. e5 h4 36. Bxg6 fxg6 37. Nf3 Ne4 38. Kc2 Nxg5 39. Nh2 Qf5+ 40. Kc1 Ne4 41. Qe3 g5 42. Qf3 Qxe5 43. Ng4 Qxc3+ 0-1

[Event "SD-2012-0-00154"]
[Site "LSS email"]
[Date "2012.12.18"]
[Round "?"]
[White "Owens, Larry"]
[Black "Giovani, Massimo"]
[Result "0-1"]
[WhiteElo "1457"]
[BlackElo "1405"]
[PlyCount "20"]
[EventDate "2012.10.23"]
[EventType "tourn (corr)"]
[EventRounds "6"]
[EventCountry "GER"]
[SourceTitle "Corr 2015"]
[Source "ChessBase"]
[SourceDate "2015.07.17"]
[SourceVersion "1"]
[SourceVersionDate "2015.07.17"]
[SourceQuality "1"]

1. e4 e5 2. d4 exd4 3. Nf3 Nc6 4. c3 d3 5. Bxd3 d6 6. h3 Nf6 7. 0-0 Be7 8. Nbd2 0-0 9. Nd4 Ne5 10. Bc2 c5 0-1

[Event "OP-2012-0-02414"]
[Site "LSS email"]
[Date "2012.09.19"]
[Round "?"]
[White "Pilgram, Kurt"]
[Black "Giovani, Massimo"]
[Result "1-0"]
[WhiteElo "1731"]
[BlackElo "1452"]
[PlyCount "105"]
[EventDate "2012.09.16"]
[EventType "tourn (corr)"]
[EventRounds "4"]
[EventCountry "GER"]
[SourceTitle "Telechess CBM 165"]
[Source "ChessBase"]
[SourceDate "2015.03.11"]
[SourceVersion "1"]
[SourceVersionDate "2015.03.11"]
[SourceQuality "1"]

1. d4 d5 2. c4 c6 3. Nf3 Nf6 4. Nc3 dxc4 5. a4 Bf5 6. Ne5 e6 7. f3 Bb4 8. e4 Bxe4 9. fxe4 Nxe4 10. Bd2 Qxd4 11. Nxe4 Qxe4+ 12. Qe2 Bxd2+ 13. Kxd2 Qd5+ 14. Kc2 Na6 15. Nxc4 0-0 16. Qe5 Rfd8 17. Be2 f6 18. Qxd5 cxd5 19. Na5 Rdc8+ 20. Kb1 Nb4 21. Nxb7 Rab8 22. Na5 Rc2 23. Bf3 Rf2 24. Ra3 e5 25. Nc6 Nxc6 26. Bxd5+ Kf8 27. Bxc6 Rbxb2+ 28. Ka1 Rbc2 29. Be4 Rcd2 30. Rc1 f5 31. Bb1 e4 32. Rc7 Rxg2 33. Rb3 Ke8 34. Rbb7 Rd5 35. Rxa7 Kd8 36. Rf7 Ke8 37. Rfb7 Rd4 38. Re7+ Kf8 39. Rf7+ Ke8 40. Rxf5 Rxh2 41. Re5+ Kf8 42. Rb5 Ke8 43. Rbb7 Rg2 44. Bxe4 Rd1+ 45. Bb1 h5 46. a5 Rd8 47. a6 Kf8 48. Rf7+ Kg8 49. Rad7 Ra8 50. a7 Rg4 51. Bf5 Rg1+ 52. Kb2 Rg2+ 53. Kb3 1-0

[Event "RD-2012-0-00066"]
[Site "LSS email"]
[Date "2012.03.08"]
[Round "?"]
[White "Giovani, Massimo"]
[Black "Henke, Simon"]
[Result "1/2-1/2"]
[WhiteElo "1486"]
[BlackElo "1516"]
[PlyCount "122"]
[EventDate "2012.01.09"]
[EventType "tourn (corr)"]
[EventRounds "6"]
[EventCountry "GER"]
[SourceTitle "Corr 2015"]
[Source "ChessBase"]
[SourceDate "2015.07.17"]
[SourceVersion "1"]
[SourceVersionDate "2015.07.17"]
[SourceQuality "1"]

1. e4 e6 2. d4 d5 3. Nd2 Nf6 4. e5 Nfd7 5. Bd3 c5 6. c3 Nc6 7. Ne2 cxd4 8. cxd4 f6 9. exf6 Nxf6 10. Nf3 Bd6 11. 0-0 0-0 12. Bf4 Bxf4 13. Nxf4 Ne4 14. Qc1 Ng5 15. Nxg5 Qxg5 16. Ne2 Qf6 17. Qc2 g6 18. Qc5 Bd7 19. Rac1 Rac8 20. f4 Qd8 21. Rfd1 a6 22. Qd6 Kf7 23. Re1 Qe7 24. Qxe7+ Kxe7 25. a3 Na5 26. Rxc8 Rxc8 27. Kf2 Nc4 28. Bxc4 Rxc4 29. Rc1 Ba4 30. Ke3 Kf6 31. g4 h6 32. Nc3 Bb3 33. h4 h5 34. gxh5 gxh5 35. Rg1 Bc2 36. Rg5 Bg6 37. f5 Bxf5 38. Rxh5 Rc8 39. Kf4 Bg6 40. Rg5 b5 41. Rg2 Rh8 42. Rh2 Rh5 43. Ke3 Rf5 44. Na2 Bh5 45. Rf2 Rxf2 46. Kxf2 Kf5 47. Ke3 a5 48. b4 axb4 49. Nxb4 Be8 50. Na6 e5 51. Nc7 Bc6 52. dxe5 Kxe5 53. h5 d4+ 54. Kd3 Bf3 55. h6 Bc6 56. Kd2 Kf6 57. Kd3 Kg6 58. Kxd4 b4 59. axb4 Kxh6 60. Kc5 Ba4 61. Kb6 Kg6 1/2-1/2

[Event "RD-2012-0-00066"]
[Site "LSS email"]
[Date "2012.03.07"]
[Round "?"]
[White "Giovani, Massimo"]
[Black "Hall, Dick"]
[Result "1/2-1/2"]
[WhiteElo "1486"]
[BlackElo "1544"]
[PlyCount "78"]
[EventDate "2012.01.09"]
[EventType "tourn (corr)"]
[EventRounds "6"]
[EventCountry "GER"]
[SourceTitle "Corr 2015"]
[Source "ChessBase"]
[SourceDate "2015.07.17"]
[SourceVersion "1"]
[SourceVersionDate "2015.07.17"]
[SourceQuality "1"]

1. e4 e6 2. d4 d5 3. Nd2 c5 4. Ngf3 Nc6 5. exd5 exd5 6. Bb5 Bd6 7. dxc5 Bxc5 8. 0-0 Nge7 9. Nb3 Bb6 10. Re1 0-0 11. Be3 Bf5 12. Bxb6 Qxb6 13. Bd3 Rae8 14. Bxf5 Nxf5 15. Qxd5 g6 16. c3 Rd8 17. Qe4 Qb5 18. Rad1 Ng7 19. Qc2 Ne6 20. Nfd4 Nexd4 21. Nxd4 Nxd4 22. cxd4 Rfe8 23. Re3 Qd5 24. b3 Rxe3 25. fxe3 Re8 26. Rd3 Qa5 27. Rc3 Kg7 28. h3 a6 29. a4 b5 30. axb5 axb5 31. d5 Qa1+ 32. Kh2 b4 33. Rd3 Qe5+ 34. Kg1 Qa1+ 35. Kf2 Qf6+ 36. Ke2 Qg5 37. Kf1 Rxe3 38. Rxe3 Qxe3 39. Qd1 Kf8 1/2-1/2

[Event "RD-2012-0-00066"]
[Site "LSS email"]
[Date "2012.03.07"]
[Round "?"]
[White "Giovani, Massimo"]
[Black "Hammerschmidt, Volker"]
[Result "1/2-1/2"]
[WhiteElo "1486"]
[BlackElo "1777"]
[PlyCount "69"]
[EventDate "2012.01.09"]
[EventType "tourn (corr)"]
[EventRounds "6"]
[EventCountry "GER"]
[SourceTitle "Corr 2015"]
[Source "ChessBase"]
[SourceDate "2015.07.17"]
[SourceVersion "1"]
[SourceVersionDate "2015.07.17"]
[SourceQuality "1"]

1. e4 e5 2. Nf3 Nc6 3. Bb5 a6 4. Ba4 Nf6 5. 0-0 Be7 6. d3 d6 7. c3 0-0 8. Re1 Nd7 9. d4 exd4 10. cxd4 Nb6 11. Bxc6 bxc6 12. Nc3 Re8 13. Bf4 Bg4 14. Qd3 Qd7 15. h3 Bh5 16. Rac1 Bg6 17. Qe2 h6 18. Bg3 a5 19. Qc2 Rab8 20. b3 Bh7 21. Qd2 Bf8 22. d5 c5 23. a4 Nc8 24. Qd1 Rb7 25. Nd2 Nb6 26. Qe2 Reb8 27. Qa6 Qc8 28. Bf4 Ra8 29. Qd3 Qd7 30. Qg3 Kh8 31. Qf3 Rd8 32. Qd3 Ra8 33. Nf1 Be7 34. Ng3 Rab8 35. Qa6 1/2-1/2

[Event "OP-2012-0-02010"]
[Site "LSS email"]
[Date "2012.01.30"]
[Round "?"]
[White "Dzulynski, Marek"]
[Black "Giovani, Massimo"]
[Result "0-1"]
[WhiteElo "1449"]
[BlackElo "1492"]
[PlyCount "40"]
[EventDate "2012.01.16"]
[EventType "tourn (corr)"]
[EventRounds "4"]
[EventCountry "GER"]
[SourceTitle "Telechess CBM 155"]
[Source "ChessBase"]
[SourceDate "2013.07.16"]
[SourceVersion "1"]
[SourceVersionDate "2013.07.16"]
[SourceQuality "1"]

1. e4 c5 2. d4 cxd4 3. c3 dxc3 4. Nxc3 Nc6 5. Nf3 d6 6. Bc4 e6 7. 0-0 Be7 8. Qe2 Nf6 9. Rd1 Bd7 10. Bg5 a6 11. e5 dxe5 12. Rac1 Qb6 13. Qd2 Rd8 14. Qe2 h6 15. Bh4 Nd4 16. Qd3 Bc6 17. Nxe5 Nf3+ 18. Nxf3 Rxd3 19. Rxd3 Bxf3 20. Rxf3 Qb4 0-1

[Event "OP-2011-0-01788"]
[Site "LSS email"]
[Date "2011.09.24"]
[Round "?"]
[White "Dovganenko, Andrej"]
[Black "Giovani, Massimo"]
[Result "1/2-1/2"]
[WhiteElo "1645"]
[BlackElo "1463"]
[PlyCount "65"]
[EventDate "2011.09.21"]
[EventType "tourn (corr)"]
[EventRounds "4"]
[EventCountry "GER"]
[SourceTitle "Telechess CBM 157"]
[Source "ChessBase"]
[SourceDate "2013.11.12"]
[SourceVersion "1"]
[SourceVersionDate "2013.11.12"]
[SourceQuality "1"]

1. e4 c5 2. Nf3 e6 3. d4 cxd4 4. Nxd4 a6 5. Nc3 Qc7 6. Be2 Nf6 7. 0-0 Nc6 8. Be3 Bb4 9. Na4 b5 10. Nxc6 dxc6 11. Bc5 bxa4 12. Bxb4 c5 13. Be1 Nxe4 14. f3 Nf6 15. c4 0-0 16. Qxa4 Nh5 17. Qa5 Qxa5 18. Bxa5 Nf4 19. Rfe1 e5 20. Rad1 Bf5 21. Rd6 Nxe2+ 22. Rxe2 f6 23. b3 Kf7 24. Red2 Rfc8 25. g4 Be6 26. h4 Re8 27. g5 Rec8 28. Kf2 Bf5 29. gxf6 gxf6 30. h5 h6 31. Ke3 Be6 32. Rb6 Rcb8 33. Rc6 1/2-1/2

[Event "SE-2011-0-00081"]
[Site "LSS email"]
[Date "2011.08.15"]
[Round "?"]
[White "Giovani, Massimo"]
[Black "Horse, Madera"]
[Result "1-0"]
[WhiteElo "1462"]
[BlackElo "1078"]
[PlyCount "41"]
[EventDate "2011.07.21"]
[EventType "tourn (corr)"]
[EventRounds "6"]
[EventCountry "GER"]
[SourceTitle "Telechess CBM 155"]
[Source "ChessBase"]
[SourceDate "2013.07.16"]
[SourceVersion "1"]
[SourceVersionDate "2013.07.16"]
[SourceQuality "1"]

1. d4 f5 2. Nc3 Nf6 3. Bg5 g6 4. e3 Bg7 5. Nf3 c6 6. Bd3 d5 7. 0-0 Ne4 8. Bf4 Nd7 9. Ne2 Qb6 10. c4 dxc4 11. Bxc4 Qxb2 12. Bb3 Qa3 13. Rc1 Ndf6 14. Qc2 Rf8 15. Ba4 Bd7 16. Ne5 Nd6 17. Rfd1 Rd8 18. Rb1 b5 19. Nc3 bxa4 20. Rd3 g5 21. Bxg5 1-0

[Event "SE-2011-0-00077"]
[Site "LSS email"]
[Date "2011.07.22"]
[Round "?"]
[White "Giovani, Massimo"]
[Black "Molano Lafuente, Ismael"]
[Result "1-0"]
[WhiteElo "1463"]
[BlackElo "1349"]
[PlyCount "113"]
[EventDate "2011.05.25"]
[EventType "tourn (corr)"]
[EventRounds "6"]
[EventCountry "GER"]
[SourceTitle "Telechess CBM 157"]
[Source "ChessBase"]
[SourceDate "2013.11.12"]
[SourceVersion "1"]
[SourceVersionDate "2013.11.12"]
[SourceQuality "1"]

1. d4 Nf6 2. c4 Nc6 3. Nf3 e6 4. Bg5 Bb4+ 5. Nc3 h6 6. Bh4 g5 7. Bg3 Ne4 8. Rc1 d6 9. d5 Bxc3+ 10. bxc3 Nxg3 11. hxg3 Ne5 12. Nxe5 dxe5 13. e4 Qd6 14. Bd3 Bd7 15. Rb1 b6 16. 0-0 Rd8 17. Re1 Rg8 18. Qh5 Rg6 19. Qe2 Bc8 20. Qd1 Rd7 21. c5 Qxc5 22. Bb5 a6 23. Bxd7+ Bxd7 24. Rc1 Rf6 25. Qd2 Bb5 26. Qc2 Bc4 27. Rcd1 Qd6 28. Rd2 Kf8 29. Red1 Kg7 30. Qa4 b5 31. Qc2 exd5 32. exd5 Qe7 33. a4 Rd6 34. axb5 axb5 35. Qe4 f6 36. f4 Rd7 37. fxe5 fxe5 38. Re1 Qc5+ 39. Kh2 Rxd5 40. Rxd5 Qxd5 41. Qxe5+ Qxe5 42. Rxe5 c6 43. g4 Kf7 44. Kg3 Bd5 45. Re1 Bc4 46. Ra1 Kf6 47. Kf2 Be6 48. Ra6 Bd5 49. Ra7 Be6 50. Rc7 Bd5 51. g3 Be4 52. Ke3 Bd5 53. Kd4 Bf3 54. Rc8 Kg6 55. Ke5 h5 56. Rg8+ Kf7 57. Rxg5 1-0

[Event "SE-2011-0-00077"]
[Site "LSS email"]
[Date "2011.07.20"]
[Round "?"]
[White "Laureles, Raymundo"]
[Black "Giovani, Massimo"]
[Result "0-1"]
[WhiteElo "1125"]
[BlackElo "1463"]
[PlyCount "68"]
[EventDate "2011.05.25"]
[EventType "tourn (corr)"]
[EventRounds "6"]
[EventCountry "GER"]
[SourceTitle "Telechess CBM 157"]
[Source "ChessBase"]
[SourceDate "2013.11.12"]
[SourceVersion "1"]
[SourceVersionDate "2013.11.12"]
[SourceQuality "1"]

1. e4 c5 2. Nf3 d6 3. d4 cxd4 4. Nxd4 Nf6 5. Nc3 a6 6. Bg5 Nbd7 7. f4 Qb6 8. Qd2 Qxb2 9. Nb3 Qa3 10. Be2 Qb4 11. Bf3 e5 12. a3 Qb6 13. f5 Be7 14. Be3 Qc7 15. 0-0 b5 16. g4 h6 17. a4 b4 18. Nd5 Nxd5 19. exd5 a5 20. Rac1 Nb6 21. Ra1 Nc4 22. Qf2 Nxe3 23. Qxe3 Bg5 24. Qf2 h5 25. h4 Bf4 26. Rae1 hxg4 27. Bxg4 Kf8 28. Nd4 Qd8 29. Nf3 Ba6 30. h5 Rc8 31. Nd4 Qg5 32. Qg2 Be3+ 33. Kh2 Bxd4 34. Rf3 Qh4+ 0-1

[Event "RE-2011-0-00063"]
[Site "LSS email"]
[Date "2011.05.19"]
[Round "?"]
[White "Parker, Steph"]
[Black "Giovani, Massimo"]
[Result "0-1"]
[WhiteElo "1345"]
[BlackElo "1369"]
[PlyCount "112"]
[EventDate "2011.04.05"]
[EventType "tourn (corr)"]
[EventRounds "6"]
[EventCountry "GER"]
[SourceTitle "Telechess CBM 147"]
[Source "ChessBase"]
[SourceDate "2012.03.16"]
[SourceVersion "1"]
[SourceVersionDate "2012.03.16"]
[SourceQuality "1"]

1. Nf3 Nf6 2. g3 g6 3. Bg2 Bg7 4. 0-0 0-0 5. d3 d5 6. Nbd2 Nc6 7. e4 e5 8. c3 a5 9. a4 dxe4 10. dxe4 Qd3 11. Re1 b6 12. Bf1 Qd7 13. Bb5 Re8 14. Qb3 Bb7 15. Nc4 Qe6 16. Ng5 Qe7 17. Ne3 Rf8 18. Nd5 Nxd5 19. exd5 Na7 20. Bc4 Nc8 21. Ne4 Nd6 22. Nxd6 Qxd6 23. Bg5 Rae8 24. Rad1 h6 25. Bc1 f5 26. Qb5 g5 27. Kh1 Bc8 28. Be2 f4 29. Bh5 Bd7 30. Qb3 Rd8 31. g4 Bc8 32. Qb5 Bb7 33. c4 Rd7 34. Kg1 c6 35. Qxb6 cxd5 36. Qxd6 Rxd6 37. b3 Rfd8 38. Ba3 Rb6 39. cxd5 Rxb3 40. Be7 Rxd5 41. Bg6 Rc3 42. Rb1 Rc7 43. Ba3 Rd2 44. Red1 Rxd1+ 45. Rxd1 Bf6 46. Bf5 e4 47. Rd6 Kf7 48. Be6+ Kg7 49. Kf1 Be7 50. Rd7 Rxd7 51. Bb2+ Bf6 52. Bxf6+ Kxf6 53. Bxd7 Ke5 54. Bb5 Kd5 55. Be2 Bc6 56. Bd1 Kc5 0-1

[Event "LSS RE-2010-0-00053"]
[Site "LSS email"]
[Date "2011.02.04"]
[Round "?"]
[White "Giovani, Massimo"]
[Black "Tittarelli, Adriano"]
[Result "1-0"]
[WhiteElo "1306"]
[BlackElo "1108"]
[PlyCount "45"]
[EventDate "2010.12.18"]
[EventType "tourn (corr)"]
[EventRounds "6"]
[EventCountry "GER"]
[SourceTitle "Telechess CBM 145"]
[Source "Chessbase"]
[SourceDate "2011.11.11"]
[SourceVersion "1"]
[SourceVersionDate "2011.11.11"]
[SourceQuality "1"]

1. e4 e6 2. d4 b5 3. Bxb5 Bb7 4. Nc3 Bb4 5. Nge2 Bxe4 6. a3 Bxc3+ 7. Nxc3 Nf6 8. Nxe4 Nxe4 9. Qg4 Nf6 10. Qxg7 Rg8 11. Qh6 c6 12. Bd3 Qa5+ 13. Bd2 Qd8 14. 0-0 d5 15. Rae1 Nbd7 16. Bb4 Qc7 17. Bxh7 Rh8 18. Rxe6+ Kd8 19. Rxf6 Rxh7 20. Qxh7 Nxf6 21. Qh8+ Ne8 22. Re1 Qd7 23. Ba5+ 1-0

[Event "LSS RE-2010-0-00053"]
[Site "LSS email"]
[Date "2011.02.04"]
[Round "?"]
[White "Shim Ng Min, Francis"]
[Black "Giovani, Massimo"]
[Result "0-1"]
[WhiteElo "1182"]
[BlackElo "1306"]
[PlyCount "60"]
[EventDate "2010.12.18"]
[EventType "tourn (corr)"]
[EventRounds "6"]
[EventCountry "GER"]
[SourceTitle "Telechess CBM 145"]
[Source "Chessbase"]
[SourceDate "2011.11.11"]
[SourceVersion "1"]
[SourceVersionDate "2011.11.11"]
[SourceQuality "1"]

1. e4 e5 2. Nf3 Nc6 3. Nc3 Nf6 4. Bb5 Bc5 5. 0-0 0-0 6. Bxc6 dxc6 7. h3 Re8 8. d3 b6 9. Re1 Bb7 10. a3 h6 11. Be3 Bf8 12. Ne2 c5 13. Ng3 c4 14. Re2 c5 15. Ne1 Qc7 16. dxc4 Nxe4 17. Nxe4 Bxe4 18. Rd2 Re6 19. f3 Bc6 20. Qe2 Rae8 21. Rad1 Rg6 22. c3 e4 23. f4 Be7 24. f5 Rf6 25. Qg4 Qc8 26. Rf2 Bd6 27. Nc2 Ba4 28. Rdf1 Bb3 29. Re1 h5 30. Qxh5 Bg3 0-1

[Event "LSS SE-2010-0-00054"]
[Site "LSS email"]
[Date "2010.09.26"]
[Round "?"]
[White "Slavin, Pablo"]
[Black "Giovani, Massimo"]
[Result "0-1"]
[WhiteElo "1038"]
[BlackElo "1185"]
[PlyCount "40"]
[EventDate "2010.06.27"]
[EventType "tourn (corr)"]
[EventRounds "6"]
[EventCountry "GER"]
[SourceTitle "Telechess CBM 143"]
[Source "ChessBase"]
[SourceDate "2011.07.15"]
[SourceVersion "1"]
[SourceVersionDate "2011.07.15"]
[SourceQuality "1"]

1. d4 d5 2. c4 e6 3. Nc3 Bb4 4. e3 Nf6 5. a3 Bxc3+ 6. bxc3 0-0 7. Nf3 b6 8. cxd5 exd5 9. Ne5 Nbd7 10. f4 Nxe5 11. fxe5 Ne4 12. Qf3 f6 13. exf6 Rxf6 14. Qh5 Rf5 15. Qe2 Qh4+ 16. g3 Nxg3 17. hxg3 Qxg3+ 18. Kd1 Rf2 19. Qb5 Bg4+ 20. Be2 Bxe2+ 0-1

[Event "LSS RF-2010-0-00047"]
[Site "LSS email"]
[Date "2010.04.26"]
[Round "?"]
[White "Babos, Istvan"]
[Black "Giovani, Massimo"]
[Result "0-1"]
[WhiteElo "1107"]
[BlackElo "1093"]
[PlyCount "87"]
[EventDate "2010.03.16"]
[EventType "tourn (corr)"]
[EventRounds "6"]
[EventCountry "GER"]
[SourceTitle "Telechess CBM 141"]
[Source "ChessBase"]
[SourceDate "2011.03.17"]
[SourceVersion "1"]
[SourceVersionDate "2011.03.17"]
[SourceQuality "1"]

1. d4 d5 2. Nf3 Nc6 3. Nc3 Nf6 4. Bf4 Bg4 5. e3 e6 6. Be2 Bd6 7. Ne5 Bxe2 8. Qxe2 0-0 9. 0-0-0 Qe7 10. Kb1 Rfe8 11. h4 Rab8 12. a3 Bxe5 13. dxe5 Nd7 14. e4 d4 15. Nb5 Qc5 16. c3 d3 17. Qxd3 Ncxe5 18. Qe2 Rbd8 19. Be3 Qc6 20. Rd4 Ra8 21. f4 Ng6 22. a4 Nb6 23. a5 e5 24. fxe5 Nd7 25. Qc4 Nc5 26. Rd5 Na6 27. Qe2 Rxe5 28. Qd3 h5 29. Rf1 Rae8 30. Nxa7 Qe6 31. Bc1 Rxe4 32. Rxh5 c6 33. g3 Ra8 34. Rg5 Rxa7 35. h5 Nf8 36. h6 Ng6 37. Rgf5 gxh6 38. Rxf7 Qd5 39. Qc2 Nc5 40. Bxh6 Re1+ 41. Rxe1 Qxf7 42. Bc1 Nb3 43. Be3 Rxa5 44. Bb6 0-1

[Event "OP-2010-0-01135"]
[Site "LSS email"]
[Date "2010.04.13"]
[Round "?"]
[White "Giovani, Massimo"]
[Black "Balaram, Mohanakrishnan"]
[Result "1-0"]
[WhiteElo "1038"]
[BlackElo "935"]
[PlyCount "49"]
[EventDate "2010.04.07"]
[EventType "tourn (corr)"]
[EventRounds "4"]
[EventCountry "GER"]
[SourceTitle "Telechess CBM 141"]
[Source "ChessBase"]
[SourceDate "2011.03.17"]
[SourceVersion "1"]
[SourceVersionDate "2011.03.17"]
[SourceQuality "1"]

1. e4 e6 2. d4 d5 3. Nc3 Bb4 4. Bd2 c5 5. a3 cxd4 6. axb4 dxc3 7. Bxc3 Nf6 8. exd5 exd5 9. Bb5+ Nc6 10. Nf3 0-0 11. 0-0 Bg4 12. Bxc6 bxc6 13. Re1 Ne4 14. Qd4 Nxc3 15. Qxg4 Ne4 16. Ra6 f5 17. Qf4 Rf6 18. Nd4 Qc8 19. Rea1 g5 20. Qe5 f4 21. f3 Rh6 22. fxe4 dxe4 23. Rxa7 Rxa7 24. Rxa7 Rg6 25. Qe7 1-0

[Event "OP-2010-0-01135"]
[Site "LSS email"]
[Date "2010.04.13"]
[Round "?"]
[White "Richter, Klaus"]
[Black "Giovani, Massimo"]
[Result "1/2-1/2"]
[WhiteElo "1459"]
[BlackElo "1111"]
[PlyCount "109"]
[EventDate "2010.04.07"]
[EventType "tourn (corr)"]
[EventRounds "4"]
[EventCountry "GER"]
[SourceTitle "Telechess CBM 141"]
[Source "ChessBase"]
[SourceDate "2011.03.17"]
[SourceVersion "1"]
[SourceVersionDate "2011.03.17"]
[SourceQuality "1"]

1. d4 Nf6 2. f3 d5 3. e4 c5 4. Bb5+ Nc6 5. c4 a6 6. Bxc6+ bxc6 7. e5 Nd7 8. e6 fxe6 9. Ne2 e5 10. dxe5 Nxe5 11. 0-0 Nxc4 12. b3 Nd6 13. Bb2 Nf5 14. Qd2 e6 15. g4 Nh4 16. Na3 Ng6 17. Ng3 Qb6 18. Nh5 c4+ 19. Kh1 e5 20. bxc4 d4 21. Rab1 Qc5 22. Qg2 Bd6 23. Nxg7+ Kf7 24. Nh5 Rb8 25. Nc2 Qxc4 26. f4 exf4 27. Nxd4 Nh4 28. Qd2 Qd5+ 29. Nf3 Nxf3 30. Qxd5+ cxd5 31. Bxh8 Rxb1 32. Rxb1 Nd2 33. Rg1 a5 34. h3 f3 35. Bd4 Ba6 36. Ng3 Bf4 37. Nf5 Nf1 38. Bf2 Bc4 39. h4 a4 40. g5 Kg6 41. Ne7+ Kh5 42. g6 hxg6 43. Nxg6 Be3 44. Rxf1 Bxf1 45. Bxe3 Kxg6 46. Kh2 Be2 47. Kg3 Kf5 48. h5 d4 49. Bxd4 Kg5 50. Bf2 Kxh5 51. Kf4 Kh6 52. a3 Kg7 53. Kf5 Kf7 54. Be1 Ke7 55. Ke5 1/2-1/2